[Event "AUTO-INT-1564"]
[Site "http://www.queenalice.com/game.php?id=705995"]
[Date "2009.12.30"]
[Round "1"]
[White "rbivanov"]
[Black "pedroso"]
[Result "1-0"]
[WhiteElo "1678"]
[BlackElo "1469"]

1. e4 c5 2. Nf3 Nc6 3. c3 e5 4. d4 cxd4 5. Nxd4 Nf6 6. Nxc6 bxc6 7. Bg5 Be7 8.
Bd3 O-O 9. O-O d5 10. Re1 Bg4 11. Be2 dxe4 12. Qxd8 Raxd8 13. Bxg4 1-0

[Event "AUTO-OPEN-1891"]
[Site "http://www.queenalice.com/game.php?id=737071"]
[Date "2010.2.24"]
[Round "1"]
[White "pedroso"]
[Black "Fernandoventura"]
[Result "1-0"]
[WhiteElo "1536"]
[BlackElo "1724"]

1. e4 c5 2. Nf3 Nc6 3. Bb5 Nf6 4. d3 g6 5. Bg5 Bg7 6. Nc3 O-O 7. d4 cxd4 8. Nxd4
Qa5 9. O-O Nxd4 10. Qxd4 Ne8 11. Qd3 Bxc3 12. bxc3 1-0

[Event "AUTO-OPEN-1891"]
[Site "http://www.queenalice.com/game.php?id=737072"]
[Date "2010.2.24"]
[Round "1"]
[White "Fernandoventura"]
[Black "pedroso"]
[Result "0-1"]
[WhiteElo "1750"]
[BlackElo "1510"]

1. c4 e5 2. Nc3 Nf6 3. g3 Bb4 4. Bg2 d6 5. Qa4+ Nc6 6. Bxc6+ bxc6 7. Qxb4 c5 8.
Qb3 Be6 9. d3 O-O 10. Nf3 a5 11. Bd2 Bh3 12. O-O-O Ng4 0-1

[Event "AUTO-OPEN-1891"]
[Site "http://www.queenalice.com/game.php?id=737073"]
[Date "2010.2.24"]
[Round "1"]
[White "pedroso"]
[Black "Reidy"]
[Result "1-0"]
[WhiteElo "1472"]
[BlackElo "1564"]

1. e4 e5 2. Nf3 Nc6 3. Bb5 Nf6 4. Nc3 a6 5. Ba4 Bc5 6. d3 h6 7. O-O b5 8. Bb3 d6
9. Qe2 Bg4 10. a4 b4 11. Nd1 a5 12. Be3 Bxe3 13. Qxe3 1-0

[Event "AUTO-OPEN-1891"]
[Site "http://www.queenalice.com/game.php?id=737074"]
[Date "2010.2.24"]
[Round "1"]
[White "Reidy"]
[Black "pedroso"]
[Result "0-1"]
[WhiteElo "1533"]
[BlackElo "1492"]

1. e4 c5 2. Nc3 e5 3. Nf3 d6 4. h3 Nc6 5. Bc4 Nf6 6. d3 Be7 7. Be3 O-O 8. O-O
Nd4 9. Bxd4 cxd4 10. Ne2 a6 11. Qd2 b5 12. Bb3 d5 13. exd5 Nxd5 0-1

[Event "AUTO-OPEN-1891"]
[Site "http://www.queenalice.com/game.php?id=737075"]
[Date "2010.2.24"]
[Round "1"]
[White "pedroso"]
[Black "Thanasis"]
[Result "0-1"]
[WhiteElo "1482"]
[BlackElo "1641"]

1. e4 c5 2. Nf3 d6 3. Bb5+ Bd7 4. Nc3 Nf6 5. d3 Bxb5 6. O-O Bc6 7. Bg5 e5 8. a3
Be7 9. b4 h6 10. Bh4 g5 11. Bg3 b5 12. a4 bxa4 13. Nxa4 cxb4 14. Nb2 a5 15. Qe1
Nbd7 16. c4 Nc5 17. Nd2 a4 18. Qd1 a3 19. Nb3 axb2 20. Rxa8 Bxa8 0-1

[Event "AUTO-OPEN-1891"]
[Site "http://www.queenalice.com/game.php?id=737076"]
[Date "2010.2.24"]
[Round "1"]
[White "Thanasis"]
[Black "pedroso"]
[Result "1-0"]
[WhiteElo "1741"]
[BlackElo "1551"]

1. d4 f5 2. c4 Nf6 3. Nc3 e6 4. Bg5 Be7 5. Nf3 d5 6. cxd5 exd5 7. e3 O-O 8. Bd3
Nc6 9. Qb3 Be6 10. O-O a5 11. Ne5 Bd6 12. Bxf6 Qxf6 13. f4 Nb4 14. Bb1 Qh4 15.
a3 Nc6 16. Qxb7 a4 17. Qxc6 g5 18. Nd7 Bxd7 19. Qxd7 gxf4 20. exf4 Bxf4 21. h3
Rae8 22. Ba2 Be3+ 23. Kh1 Bxd4 24. Bxd5+ Kh8 25. Rxf5 Rxf5 26. Qxe8+ Kg7 27.
Qd7+ Kh6 28. Qxf5 1-0

[Event "AUTO-INT-1621"]
[Site "http://www.queenalice.com/game.php?id=737175"]
[Date "2010.2.24"]
[Round "1"]
[White "jocapeme"]
[Black "pedroso"]
[Result "1-0"]
[WhiteElo "1588"]
[BlackElo "1459"]

1. e4 c5 2. b4 cxb4 3. Nf3 Nc6 4. d4 e6 5. Bc4 d5 6. exd5 exd5 7. Bb3 Bg4 8. h3
Bh5 9. Be3 Nf6 10. Qd3 Bd6 11. Nbd2 O-O 12. Qb5 Qd7 13. Bxd5 Nxd5 14. Qxd5 a5
15. Nc4 Ne7 16. Qxh5 b5 17. Nb6 Qb7 18. Ng5 h6 19. Nxa8 Qxa8 20. Nf3 Qd5 21.
Qxd5 Nxd5 22. Bd2 Re8+ 23. Kd1 Nc3+ 24. Bxc3 bxc3 25. a3 b4 26. axb4 axb4 27.
Re1 Rb8 28. Ra6 Bf8 29. Ne5 b3 30. Re3 b2 31. Rxc3 1-0

[Event "AUTO-INT-1621"]
[Site "http://www.queenalice.com/game.php?id=737176"]
[Date "2010.2.24"]
[Round "1"]
[White "pedroso"]
[Black "jocapeme"]
[Result "1-0"]
[WhiteElo "1543"]
[BlackElo "1420"]

1. e4 e5 2. Nf3 Nc6 3. Bb5 a6 4. Ba4 Nf6 5. d3 Bc5 6. Nc3 Ne7 7. O-O O-O 8. Nxe5
d6 9. Nf3 c6 10. d4 Bb6 11. e5 Nfd5 12. Nxd5 Nxd5 13. exd6 Qxd6 14. c4 Nb4 15.
a3 a5 16. axb4 Qxb4 17. b3 Bf5 18. c5 Qc3 19. Bd2 Qd3 20. cxb6 Ra6 21. Be3 Qe4
22. Ng5 Qd5 23. Rb1 Bxb1 24. Qxb1 h6 25. Qh7# 1-0

[Event "AUTO-INT-1621"]
[Site "http://www.queenalice.com/game.php?id=737189"]
[Date "2010.2.24"]
[Round "1"]
[White "Thanasis"]
[Black "pedroso"]
[Result "1-0"]
[WhiteElo "1802"]
[BlackElo "1554"]

1. d4 d5 2. c4 dxc4 3. e4 Nf6 4. Nc3 e5 5. Nf3 Bb4 6. Bxc4 exd4 7. Nxd4 O-O 8.
O-O Bc5 9. Nb3 Qxd1 10. Rxd1 b6 11. Nd5 Na6 12. Bxa6 Bxa6 13. Nxc7 Rad8 14. Rxd8
Rxd8 15. Bf4 Be2 16. Re1 Rd1 17. Rxd1 Bxd1 18. Nd2 a5 19. Nd5 Nxd5 20. exd5 Kf8
21. d6 Ke8 22. Nc4 Kd7 23. Kf1 f6 24. Ke1 Bc2 25. b3 g5 26. Be3 Bxd6 27. Nxd6
Kxd6 28. Bxb6 a4 29. bxa4 Bxa4 30. Kd2 h5 31. Kc3 Bc6 32. g3 f5 33. Kd4 h4 34.
gxh4 gxh4 35. Bc5+ Ke6 36. a3 Kf6 37. Kc4 Kg5 38. Kb4 Kg4 39. a4 Kh3 40. Bd6 Kg2
41. a5 Kxf2 42. a6 Kf3 43. a7 f4 44. Kc3 Ke4 45. Kd2 f3 46. Ke1 Ke3 47. Bc5+ 1-0

[Event "AUTO-INT-1621"]
[Site "http://www.queenalice.com/game.php?id=737190"]
[Date "2010.2.24"]
[Round "1"]
[White "pedroso"]
[Black "Thanasis"]
[Result "0-1"]
[WhiteElo "1560"]
[BlackElo "1737"]

1. e4 e5 2. Nf3 Nc6 3. Bb5 Nf6 4. Nc3 a6 5. Ba4 Be7 6. O-O b5 7. Bb3 O-O 8. d3
d6 9. Bg5 h6 10. Bh4 g5 11. Bg3 Bb7 12. d4 exd4 13. Nxd4 Ne5 14. Nd5 c5 15. Nf5
Nxd5 16. exd5 c4 17. Nxh6+ Kg7 18. Qh5 Kf6 19. f4 cxb3 20. fxg5+ Kg7 21. Bxe5+
dxe5 22. Rxf7+ Rxf7 23. Qxf7+ Kh8 24. g6 Bc5+ 25. Kf1 Qf8 0-1

[Event "AUTO-INT-1621"]
[Site "http://www.queenalice.com/game.php?id=737197"]
[Date "2010.2.24"]
[Round "1"]
[White "betosantos"]
[Black "pedroso"]
[Result "1-0"]
[WhiteElo "1577"]
[BlackElo "1497"]

1. e4 c5 2. Bb5 a6 3. Bc4 Nf6 4. d3 e5 5. Bg5 Be7 6. Bxf6 Bxf6 7. Nc3 O-O 8. h3
Nc6 9. a3 b5 10. Bd5 Bb7 11. Bxc6 Bxc6 12. Nf3 d6 13. Qd2 b4 14. axb4 cxb4 15.
Ne2 Qb6 16. O-O 1-0

[Event "AUTO-INT-1621"]
[Site "http://www.queenalice.com/game.php?id=737198"]
[Date "2010.2.24"]
[Round "1"]
[White "pedroso"]
[Black "betosantos"]
[Result "0-1"]
[WhiteElo "1511"]
[BlackElo "1563"]

1. e4 e5 2. Nf3 d6 3. Nc3 Bg4 4. h3 Bxf3 5. Qxf3 Nf6 6. Bc4 a6 7. O-O Be7 8. d3
Nc6 9. Bg5 Nd4 10. Qd1 Nd7 11. Bxe7 Qxe7 12. b4 O-O 13. Nd5 Qd8 14. c3 Ne6 15.
d4 exd4 0-1

[Event "AUTO-INT-1677"]
[Site "http://www.queenalice.com/game.php?id=763693"]
[Date "2010.4.20"]
[Round "1"]
[White "mateusamorim96"]
[Black "pedroso"]
[Result "1-0"]
[WhiteElo "1656"]
[BlackElo "1536"]

1. d4 d5 2. Bf4 Nf6 3. Nf3 Nc6 4. e3 Bg4 5. c4 dxc4 6. Bxc4 e6 7. a3 Bd6 8. Bxd6
cxd6 9. O-O O-O 10. Nbd2 a6 11. h3 Bh5 12. Bd3 b5 13. Rc1 Ne7 14. b4 1-0

[Event "AUTO-INT-1677"]
[Site "http://www.queenalice.com/game.php?id=763694"]
[Date "2010.4.20"]
[Round "1"]
[White "pedroso"]
[Black "mateusamorim96"]
[Result "0-1"]
[WhiteElo "1548"]
[BlackElo "1644"]

1. e4 c5 2. Nf3 d6 3. Nc3 Nf6 4. d3 e6 5. Bg5 Be7 6. g3 O-O 7. Bg2 Nc6 8. O-O h6
9. Bf4 b6 10. a3 Bb7 11. Nb5 Nd4 12. Nfxd4 cxd4 13. c3 a6 14. Nxd4 e5 0-1

[Event "AUTO-INT-1677"]
[Site "http://www.queenalice.com/game.php?id=763705"]
[Date "2010.4.20"]
[Round "1"]
[White "PU1JQF"]
[Black "pedroso"]
[Result "1-0"]
[WhiteElo "1200"]
[BlackElo "1525"]

1. e4 c5 2. Bc4 e5 3. Nf3 Bd6 4. d3 Nf6 5. Ng5 O-O 6. Qf3 Nc6 7. Bxf7+ Rxf7 8.
Nxf7 Kxf7 9. Bg5 Be7 10. Nc3 Nd4 11. Kd2 a5 12. Qg3 d5 13. Qxe5 Be6 14. f4 Nc6
15. Qxf6+ gxf6 16. Bh6 dxe4 17. Nxe4 b6 18. Rhf1 f5 19. Nc3 1-0

[Event "AUTO-INT-1677"]
[Site "http://www.queenalice.com/game.php?id=763706"]
[Date "2010.4.20"]
[Round "1"]
[White "pedroso"]
[Black "PU1JQF"]
[Result "0-1"]
[WhiteElo "1496"]
[BlackElo "1229"]

1. e4 d5 2. Bb5+ c6 3. Ba4 e6 4. exd5 Qxd5 5. Nf3 Bc5 6. Nc3 Nf6 7. Nxd5 Nxd5 8.
d4 Bb4+ 9. c3 Bd6 10. O-O Nf4 11. Bxf4 Bxf4 12. b4 O-O 13. Bc2 Nd7 14. Ng5 Nf6
15. Qg4 Nxg4 16. Bxh7+ Kh8 17. g3 Bd2 18. Bd3 e5 0-1

[Event "AUTO-INT-1677"]
[Site "http://www.queenalice.com/game.php?id=763711"]
[Date "2010.4.20"]
[Round "1"]
[White "karlusvr"]
[Black "pedroso"]
[Result "1-0"]
[WhiteElo "1740"]
[BlackElo "1469"]

1. e4 c5 2. Nf3 Nc6 3. d4 cxd4 4. Nxd4 Nf6 5. Nc3 e5 6. Ndb5 Bc5 7. Nd6+ Ke7 8.
Nf5+ Kf8 9. Be3 Bxe3 10. Nxe3 d6 11. Qd2 Nd4 12. Bc4 a6 13. a4 a5 14. O-O 1-0

[Event "AUTO-INT-1677"]
[Site "http://www.queenalice.com/game.php?id=763712"]
[Date "2010.4.20"]
[Round "1"]
[White "pedroso"]
[Black "karlusvr"]
[Result "0-1"]
[WhiteElo "1464"]
[BlackElo "1745"]

1. e4 c5 2. Nf3 d6 3. Nc3 Nf6 4. Bc4 a6 5. d4 cxd4 6. Qxd4 Nc6 7. Qd2 e6 8. O-O
b5 9. Bb3 b4 10. Ne2 Nxe4 11. Qe3 d5 12. c4 bxc3 13. bxc3 Be7 0-1